| 000 | 00852nas a2200277 4500 | ||
|---|---|---|---|
| 001 | BR2013007132 | ||
| 003 | BR-BrBNA | ||
| 005 | 20231205122932.0 | ||
| 007 | ta | ||
| 008 | 230509b bl.|||p| |||| 00| 00por d | ||
| 040 |
_aBR-BrBNA _bpor _cBiblioteca Nacional de Agricultura |
||
| 041 | _a(Pt) | ||
| 072 | _aH20; F30 | ||
| 100 | 1 | _aPaula, R.S. de | |
| 100 | 1 | _aOliveira, W.F. de | |
| 245 | 1 | _aResistência de tomateiro (Lycopersicom esculentum)ao patógeno Alternaria solani | |
| 650 | _aTOMATE | ||
| 650 | _aVARIEDADE RESISTENTE | ||
| 650 | _aPATÓGENO | ||
| 650 | _aALTERNARIA SOLANI | ||
| 650 | _aPINTA PRETA | ||
| 650 | _aDOENÇA DE PLANTA | ||
| 773 | 0 |
_tPesquisa Agropecuária Tropical (Brazil) _xISSN 1517-6398 _g(Jul-Dec 2003), v. 33(2) p. 89-95 _wBR2013007132 |
|
| 909 |
_a202311 _bLúcia _c55 _dLúcia Elande |
||
| 942 |
_2AGRIS _n0 _cANA |
||
| 999 |
_c231343 _d231343 |
||